000 01379nam a2200253Ia 4500
003 Ost
005 20260507075355.0
008 260507s9999||||xx |||||||||||||| ||und||
020 _a52357499579
040 _cfsecg
041 _aara
082 _a330
100 _aهواري، معراج
_eمؤلف
245 0 _aالعلامة التجارية :
_bالماهية والاهمية /
_c معراج هواري
260 _aعمان:
_bدار كنوز المعرفة العلمية للنشر والتوزيع,
_c2013
300 _a216 صفحة؛
_bإيضاحات ؛
_c25 سم
504 _aقائمة المراجع ص.211
520 _aالعلامة مفاهيم أساسية- قرارات العلامة- أنواع العلامات التجارية- إنشاء العلامة التجارية ودورة حياتها- استراتيجيات خلق وبناء العلامة- بناء وتسجيل العلامة وحمايتها- حماية العلامة التجارية- الولاء للعلامة التجارية- تنمية الولاء للعلامة التجارية- التسويق الداخلي و تنمية الولاء للعلامة التجارية
653 _aالإسم التجاري
653 _aالتسويق
653 _aالعلامات التجارية
700 _aساجي، مصطفى
_eمؤلف ثانوي
942 _cكتاب
999 _c44209
_d44209